000 00716nam a22002057a 4500
005 20231220145522.0
010 _aENG-138655
020 _a9788195022359
_c995.00
035 _aEN-122187
037 _bDBAD/PUB
082 _a370
_21
100 _aDas, B.C.
_960055
245 _aCritical Understanding Of ICT
_cBy B.C. Das; Praveen Bobby Binjha; M. Sujatha
260 _aNew Delhi
_bNeelkamal Publications
_c2021
270 _a4764/1, 23, Ansari Road
_bDaryaganj, New Delhi
_e110002
_k011-23244237
_k9811828953
_mneelkamalbooks@gmail.com
300 _axii+208p.
_c25cm(hbk)
700 _aPraveen Bobby Binjha
_eAuthor
_960036
700 _aSujatha, M.
_eAuthor
_960056
942 _2ddc
_cEN
_h370
_mDAS
999 _c199725
_d199725